banner-ar

1995 PHYSICIANS GENRAL: THE COMPLETE DRUG REFERENCE / (Record no. 10831)

MARC details
000 -الفاتح
حقل البيانات ثابتة الطول 00459nam a2200169Ia 4500
008 - عناصر البيانات ثابتة الطول - معلومات عامة
حقل البيانات ثابتة الطول 140319s9999 xx 000 0 eng d
040 ## - مصدر الفهرسة
وكالة الفهرسة الأصلية GCL /
وكالة النسخ GCL
082 04 - رقم تصنيف ديوى العشرى
رقم التصنيف 610.92
رقم المادة D P
100 1# - المدخل الرئيسى - إسم شخصى
الإسم الشخصى DENNISTON, C, PHILIP
245 10 - بيان العنوان
العنوان 1995 PHYSICIANS GENRAL: THE COMPLETE DRUG REFERENCE /
بيان المسئوليه,etc DENNISTON, C, PHILIP
260 ## - PUBLICATION, DISTRIBUTION, ETC. (IMPRINT)
تاريخ النشر أو التوزيع 1995
300 ## - الوصف المادى
التعداد 1991
650 04 - المدخل الاضافى بالموضوع-مصطلح موضوعى
مصطلح موضوعي PHYSICIANS
650 04 - المدخل الاضافى بالموضوع-مصطلح موضوعى
مصطلح موضوعي MEDICINE
942 ## - عناصر المدخل الإضافي( كوها)
مصدر التصنيف او مخطط الترفيف Dewey Decimal Classification
Koha [default] item type كتاب
260 ## - PUBLICATION, DISTRIBUTION, ETC. (IMPRINT)
-- [S.N] :
-- MOSBY YEAR BOOK ،
Holdings
حالة التراجع حالة الفقد حالة تلف ليس للاعارة المكان المؤقت الموقع الحالى تاريخ الاكتساب اجمالي اﻻعارات رقم الطلب الباركود تاريخ اخر مشاهدة تاريخ تفعيل السعر نوع وعاء كوها
        مكتبة القاهرة الكبرى مكتبة القاهرة الكبرى 03/26/2014   610.92\D P 21742 03/26/2014 03/26/2014 كتاب

Powered By

EGPV